Το βιβλίο της ελιάς

Αποθηκεύτηκε σε:
Λεπτομέρειες βιβλιογραφικής εγγραφής
Κύριος συγγραφέας: Fooks, Richard
Άλλοι συγγραφείς: Παπούλιας, Θανάσης (Μεταφραστής)
Μορφή: Βιβλίο
Γλώσσα:Greek
Δημοσίευση: Αθήνα : Εκδόσεις Ψύχαλου, [19--]
Θέματα:
Ετικέτες: Προσθήκη ετικέτας
Δεν υπάρχουν, Καταχωρήστε ετικέτα πρώτοι!

MARC

LEADER 00000nam a2200000 i 4500
001 1/59676
008 141112q1999 gre d
020 |a 960-7920-28-7 
035 |l 10119739 
040 |a GR-MY-UA  |b gre  |e aacr 
041 0 |a gre 
082 0 |a 634.63  |2 (23) 
100 1 |a Fooks, Richard. 
245 1 3 |a Το βιβλίο της ελιάς /  |c Richard Fooks ; μετάφραση-επιμέλεια έκδοσης: Θανάσης Παπούλιας 
260 |a Αθήνα :   |b Εκδόσεις Ψύχαλου,   |c [19--] 
300 |a 207 σ.;  |b εικ., σχ.;  |c 24 εκ. 
500 |a Τίτλος εξωφύλλου: Το βιβλίο της ελιάς: ποικιλίες, καλλιέργεια, φυτοπροστασία, συλλογή και επεξεργασία καρπού 
504 |a Bιβλιογραφία: σ. 203-204 
504 |a Ευρετήριο: σ. 205-207 
650 0 0 |a Olive oil. 
650 0 0 |a Olive  |x Varieties. 
700 1 |a Παπούλιας, Θανάσης.  |4 trl 
852 |a INST  |b LEMNOS  |e 20141112  |h 634.63 FOO  |p 005600001647  |q 005600001647  |t BK  |y 0 
901 |a BIBL1-2014-3 
909 |a Μ  |b 189919 
922 |a 6ΕΛΗ  |b 201406  |c ΤΑΚ/ΤΕΤΔ  |d ΙΩΑΝΝΙΔΟΥ 
970 |a ΜΟΣΧΟΒΗ  |b ΕΥΑΓΓΕΛΙΑ  |z 2014/11/12